| 000 | 00699 a2200169 4500 | ||
|---|---|---|---|
| 003 | NUST | ||
| 005 | 20230717104041.0 | ||
| 040 | _cNust | ||
| 082 | _a551.4,NEW | ||
| 100 |
_aNewbign, Marion I _9113682 |
||
| 245 |
_aSouthern Europe: _ba regional and economic geography of the mediterranean lands (Italy,spain,portugal,greece,Albania and Switzerland) / _cMarion I Newbigin |
||
| 260 |
_aLondon _bMethuen co _c1932 |
||
| 300 | _a415:p. | ||
| 505 | _aPart.1= General (Page-3), Part.2= Switzerland and The Swiss Alps (Page-77), Part.3=Italy (Page-129), Part.4= The Iberian Peninsula (Page-229), Part.5=Greece and Albania (Page-331). | ||
| 650 |
_aSouthern Europe _9113683 |
||
| 942 |
_2ddc _cBK _k551.4,NEW |
||
| 999 |
_c183776 _d183776 |
||